| 000 | 00425nam a2200133Ia 4500 | ||
|---|---|---|---|
| 008 | 210430s9999 xx 000 0 und d | ||
| 020 | _a0-309-09571-9 | ||
| 082 | _a540 N 271 S | ||
| 100 |
_aNational research Council _926742 |
||
| 245 |
_aSustainability in the Chemical Industry Grand Challenges and Research Needs / _cNational research Council |
||
| 260 |
_aAmerica _bCopyright _c2006 |
||
| 300 | _a194 p | ||
| 942 |
_cBK _2ddc |
||
| 999 |
_c565009 _d565009 |
||